| 000 | 00615nam a2200229Ia 4500 | ||
|---|---|---|---|
| 003 | GCL | ||
| 008 | 140319s9999 xx 000 0 eng d | ||
| 040 |
_aGCL / _cGCL |
||
| 082 | 0 | 4 |
_a372.86 _bJ T |
| 100 | 1 | _aENNIS, CATHERINE | |
| 245 | 1 | 0 |
_aTHE CURRUCULUM PROCESS IN PHYSICAL EDUCATION / _cENNIS, CATHERINE |
| 700 | 1 | _aJEWETT, ANN E. | |
| 700 | 1 | _aBAIN, LINDA | |
| 260 |
_a[S.N] : _bWCB BROWN & BENCHANARK ، _c1995 |
||
| 300 | _a397 P | ||
| 650 | 0 | 4 | _aPHYSICAL EDUCATION |
| 650 | 0 | 4 | _aELEMENTARY SCHOOL |
| 650 | 0 | 4 | _aPHYSIOLOGY |
| 650 | 0 | 4 | _aHEALTH |
| 650 | 0 | 4 | _aMOTOR - DEVELOPEMENT |
| 942 |
_2ddc _cBK |
||
| 999 |
_c11728 _d11728 |
||